LEADER 01193nam 2200421 450 001 9910467036303321 005 20200520144314.0 010 $a80-246-3196-2 035 $a(CKB)3790000000543021 035 $a(MiAaPQ)EBC5205472 035 $a(Au-PeEL)EBL5205472 035 $a(CaPaEBR)ebr11492886 035 $a(OCoLC)1017737162 035 $a(EXLCZ)993790000000543021 100 $a20180201h20172017 uy 0 101 0 $acze 135 $aurcnu|||||||| 181 $2rdacontent 182 $2rdamedia 183 $2rdacarrier 200 10$aMikula?s Puchni?k /$fDominik Budsky 210 1$a[Place of publication not identified] :$cCharles University in Prague, Karolinum Press,$d2017. 210 4$dİ2017 215 $a1 online resource (206 pages) $cillustrations 300 $aIncludes indexes. 311 $a80-246-3179-2 606 $aCommon law$xHistory 608 $aElectronic books. 615 0$aCommon law$xHistory. 676 $a340.57 700 $aBudsky$b Dominik$0903859 801 0$bMiAaPQ 801 1$bMiAaPQ 801 2$bMiAaPQ 906 $aBOOK 912 $a9910467036303321 996 $aMikula?s Puchni?k$92020523 997 $aUNINA LEADER 01695oam 2200469zu 450 001 9910872866303321 005 20241212215031.0 035 $a(CKB)111026746747590 035 $a(SSID)ssj0000395397 035 $a(PQKBManifestationID)12118414 035 $a(PQKBTitleCode)TC0000395397 035 $a(PQKBWorkID)10453827 035 $a(PQKB)10691601 035 $a(PPN)227976827 035 $a(EXLCZ)99111026746747590 100 $a20160829d1998 uy 101 0 $aeng 181 $ctxt 182 $cc 183 $acr 200 10$aIEEE International Joint Symposia on Intelligence and Systems : proceedings, May 21-23, 1998, Rockville, Maryland 210 31$a[Place of publication not identified]$cIEEE Computer Society Press$d1998 300 $aBibliographic Level Mode of Issuance: Monograph 311 08$a9780818685484 311 08$a0818685484 606 $aNeural networks (Computer science)$vCongresses 606 $aArtificial intelligence$vCongresses 606 $aIntelligent control systems$vCongresses 606 $aEngineering & Applied Sciences$2HILCC 606 $aComputer Science$2HILCC 615 0$aNeural networks (Computer science) 615 0$aArtificial intelligence 615 0$aIntelligent control systems 615 7$aEngineering & Applied Sciences 615 7$aComputer Science 676 $a006.3/2 712 02$aIEEE Computer Society Technical Committee on Pattern Analysis and Machine Intelligence. 801 0$bPQKB 906 $aPROCEEDING 912 $a9910872866303321 996 $aIEEE International Joint Symposia on Intelligence and Systems : proceedings, May 21-23, 1998, Rockville, Maryland$92356714 997 $aUNINA